| 000 | 00837nam a22002412 4500 | ||
|---|---|---|---|
| 001 | 27387 | ||
| 003 | BD-RjUL | ||
| 005 | 20211209051140.0 | ||
| 008 | 140325s1961 gw b 001 0 ger d | ||
| 035 |
_a(BD-RjUL)27460 _aOCLC ocm03411968 from D961005M |
||
| 040 |
_aDLC _cUUM _dEQO _dBD-RjUL _beng |
||
| 041 | _aeng | ||
| 082 | 0 | 4 |
_a947 _bSAG 1961 |
| 100 | 1 |
_aSarkisyanz, Manuel. _984135 |
|
| 245 | 1 | 0 |
_aGeschichte der orientalischen Völker Russlands bis 1917 : _beine Ergänzung zur ostslawischen Geschichte Russlands / _cManuel Sarkisyanz ;Mit einem Vorwort von Berthold Spuler. |
| 260 |
_aMünchen : _bR. Oldenbourg, _c1961. |
||
| 300 |
_a422 p. ; _c24 cm. |
||
| 504 | _aIncludes bibliographical references and index. | ||
| 651 | 0 |
_aAsiatic Russia _xHistory. _984136 |
|
| 942 |
_2ddc _cBK |
||
| 999 |
_c27387 _d27387 |
||